000 00849nmm a2200265 a 4500
001 ocm0001221732
003 TR-IsHL
005 20201028155248.0
008 110704s2010 tu tur
007 cr cn
020 _a9786055965228
035 _a1221732
_b(N$T)
050 0 4 _aGR280
_b.R46 2010
090 0 4 _aGR280
_b.R46 2010
245 1 0 _aRenkli masallar
_h[electronic resource] /
_chaz. Ümmühan Cengiz
260 _aİstanbul :
_bBilgecan Yayınları,
_c2010
300 _a111 p.
650 4 _aDil ve Edebiyat
650 4 _aLanguage and Literature
650 0 _aMasallar, Türk
650 0 _aTales, Turkish
650 7 _aFICTION / Fairy Tales, Folk Tales, Legends & Mythology
_2bisacsh
700 1 _aCengiz, Ümmühan
856 4 0 _uhttp://search.ebscohost.com/login.aspx?direct=true&scope=site&db=e011xww&AN=1221732
999 _c12995
_d12995